000 00646nam a2200265Ia 4500
005 20260121171210.0
008 008 260114s9999 xx 000 0 eng d
020 _a9783030211974
037 _aEBOOK
040 _aCRL
040 _beng
040 _cCRL
041 _2eng
041 _aeng
084 _qCRL
100 _aIberĂȘ Kuntz
_91073260
245 0 _aGravitational Theories Beyond General Relativity
260 _bSpringer
260 _bSpringer
260 _c2019
856 _uhttps://link.springer.com/openurl?genre=book&isbn=978-3-030-21197-4
942 _cEBOOK
999 _c1638990
_d1638990